000
00286nam a2200121Ia 4500
008
220216s9999 xx 000 0 und d
245
0
_a
Defects in sheet rubber - rust
260
_b
Planters Bulletin
_c
1962
300
_a
57-60
650
_a
Rust
650
_a
Sheet rubber
942
_c
JS
999
_c
56754
_d
56754